Η παράκτια ζώνη του νομού Έβρου : εκτίμηση της οικολογικής κατάστασης και εφαρμογή μεθόδων ολοκληρωμένης διαχείρισης : διατριβή εξειδίκευσης

Αποθηκεύτηκε σε:
Λεπτομέρειες βιβλιογραφικής εγγραφής
Κύριος συγγραφέας: Λαγουτάρη, Ελένη
Συγγραφή απο Οργανισμό/Αρχή: Πανεπιστήμιο Αιγαίου Σχολή Περιβάλλοντος Τμήμα Επιστημών της Θάλασσας Πρόγραμμα Μεταπτυχιακών Σπουδών Διαχείριση Παράκτιων Περιοχών
Άλλοι συγγραφείς: Κουτσούμπας, Δρόσος (Εισηγητής διατριβής)
Μορφή: Thesis Βιβλίο
Γλώσσα:Greek
Δημοσίευση: 2010
Θέματα:
Διαθέσιμο Online:http://hdl.handle.net/11610/11663
Ετικέτες: Προσθήκη ετικέτας
Δεν υπάρχουν, Καταχωρήστε ετικέτα πρώτοι!

MARC

LEADER 00000cam a2200000 i 4500
001 1/16240
008 111103s2010 gre d
035 |l 10111284 
040 |a GR-MY-UA  |b gre  |e aacr 
041 0 |a gre 
082 0 |a 333.917  |2 (22) 
100 1 |a Λαγουτάρη, Ελένη. 
245 1 2 |a Η παράκτια ζώνη του νομού Έβρου :  |b εκτίμηση της οικολογικής κατάστασης και εφαρμογή μεθόδων ολοκληρωμένης διαχείρισης : διατριβή εξειδίκευσης /  |c Ελένη Λαγουτάρη ; Επιβλέπων: Δρόσος Κουτσούμπας 
260 |c 2010 
300 |a 125 σ.;  |b εικ.;  |c 30 εκ. 
502 |a Διατριβή (μεταπτυχιακή) – Πανεπιστήμιο Αιγαίου, Λέσβος, 2010. 
504 |a Βιβλιογραφία: σ. 120-125 
650 0 |a Coastal zone management  |z Greece  |z Hevros. 
650 0 0 |a Dissertations, Academic  |z Greece. 
700 1 |4 ths  |a Κουτσούμπας, Δρόσος. 
710 2 |a Πανεπιστήμιο Αιγαίου  |b Σχολή Περιβάλλοντος  |b Τμήμα Επιστημών της Θάλασσας  |b Πρόγραμμα Μεταπτυχιακών Σπουδών Διαχείριση Παράκτιων Περιοχών. 
852 |a INST  |b LESVOS  |c DIATR  |e 20111103  |h 195  |p 005100051126  |q 005100051126  |t MTXE  |y 23 
852 |a INST  |b LESVOS  |c DIATR  |e 20111103  |h 196  |p 005100051125  |q 005100051125  |t MTXE  |y 23 
856 |u http://hdl.handle.net/11610/11663 
901 |a BIBL1-2011-3 
909 |a Λ  |b 173020 
909 |a Λ  |b 173021 
924 |a ΛΑΓΟΥΤΑΡΗ  |b ΕΛΕΝΗ  |y ΛΕΣΒΟΣ  |z 2010-12 
970 |a ΤΖΑΦΕΡΗ  |b ΕΥΑΓΓΕΛΙΑ  |z 2011/11/03